000 00796cam a22002771 4500
001 8530708
003 ARRUPE
005 20211007144211.0
008 790514s1973 gw 000 0 ger
010 _a 73337077
015 _aGFR***
020 _a3423008180
035 _a(OCoLC)4963099
040 _aDLC
_cCoGrU
_dOCoLC
_dDLC
042 _apremarc
050 0 0 _aPT2603.O394
_bZ45 1973
100 1 _aBöll, Heinrich,
_d1917-1985.
_950351
245 1 4 _aDer Zug war pünktlich;
_bErzählung.
250 _a[4. Aufl.
260 _aMünchen]
_bDeutscher Taschenbuch Verlag
_c[1973]
300 _a123 p.
_c18 cm.
500 _a"Ungekürzte Ausgabe."
650 0 _aWorld War, 1939-1945
_vFiction.
_927050
906 _a7
_bcbc
_coclcrpl
_du
_encip
_f19
_gy-gencatlg
942 _2lcc
_cMONOGRAPH
999 _c130720
_d130720